000
00200nam a22000857a 4500
008
170626b xxu||||| |||| 00| 0 eng d
100
_9
3673
_a
Dumas. A
245
_a
The three measurement
260
_a
New york
999
_c
7088
_d
7088